[Event "DEM U12 2019"]
[Site "Willingen GER"]
[Date "2019.06.11"]
[Round "4"]
[White "Winkler, Yonathan"]
[Black "Hänselmann, Hendrik"]
[Result "1/2-1/2"]
[Termination "normal"]
[Board "19"]
[WhiteElo "1536"]
[BlackElo "1819"]
[PlyCount "63"]
[WhiteFideId "16266080"]
[BlackFideId "16232755"]
[EventCountry "GER"]
[EventRounds "9"]
[EventType "swiss"]
[EventDate "2019.06.08"]

1. e4 c5 2. Nf3 a6 3. c4 e6 4. d4 cxd4 5. Nxd4 Nf6 6. Nc3 Qc7 7. a3 d6 8. Be2
Be7 9. O-O O-O 10. f4 b6 11. e5 dxe5 12. fxe5 Nfd7 13. Bg4 Nxe5 14. Bf4 Bd6 15.
Ne4 Nxc4 16. Nxd6 Nxd6 17. Nb5 Qc5+ 18. Kh1 Nxb5 19. Bf3 Ra7 20. Bxb8 Rd7 21.
Qe1 Nd4 22. Rc1 Nxf3 23. Rxf3 Qe7 24. Qg3 f6 25. Rcf1 Bb7 26. R3f2 Kh8 27. Be5
Rfd8 28. Rxf6 gxf6 29. Rxf6 Qg7 30. Rf1 Rg8 31. Rg1 h6 32. h4 1/2-1/2

[Event "DEM U12 2019"]
[Site "Willingen GER"]
[Date "2019.06.11"]
[Round "4"]
[White "Morczynski, Joachim"]
[Black "Amato, Cristiano"]
[Result "1/2-1/2"]
[Termination "normal"]
[Board "20"]
[WhiteElo "1733"]
[BlackElo "1800"]
[PlyCount "71"]
[WhiteFideId "16209745"]
[BlackFideId "12998460"]
[EventCountry "GER"]
[EventRounds "9"]
[EventType "swiss"]
[EventDate "2019.06.08"]

1. e4 c5 2. Nf3 Nc6 3. Bb5 g6 4. c3 Nf6 5. e5 Nd5 6. O-O Bg7 7. d4 cxd4 8. cxd4
d6 9. Qa4 Qc7 10. exd6 exd6 11. Re1+ Be6 12. Ng5 Kd7 13. Nxe6 fxe6 14. Nc3 Nb6
15. Qb3 d5 16. Be3 Rhe8 17. Rac1 a6 18. Bxc6+ bxc6 19. Na4 Nxa4 20. Qxa4 Qb6
21. b3 Qb5 22. Qa3 Bf8 23. Qb2 a5 24. Qe2 Rac8 25. Qxb5 cxb5 26. Rxc8 Rxc8 27.
Rc1 Rxc1+ 28. Bxc1 Bg7 29. Bb2 Kd6 30. f4 Bh6 31. g3 g5 32. Bc1 gxf4 33. gxf4
a4 34. Kf2 Ke7 35. Kf3 Kf6 36. Kg4 1/2-1/2

[Event "DEM U12 2019"]
[Site "Willingen GER"]
[Date "2019.06.11"]
[Round "4"]
[White "Möller, Maurin"]
[Black "Brunner, Alexander"]
[Result "1-0"]
[Termination "normal"]
[Board "21"]
[WhiteElo "1686"]
[BlackElo "1539"]
[PlyCount "45"]
[WhiteFideId "16265696"]
[BlackFideId "12965278"]
[EventCountry "GER"]
[EventRounds "9"]
[EventType "swiss"]
[EventDate "2019.06.08"]

1. e4 d5 2. exd5 Qxd5 3. Nc3 Qa5 4. d4 Nf6 5. Bc4 Bg4 6. Nge2 Nc6 7. f3 Bh5 8.
Bd2 O-O-O 9. g4 Bg6 10. a3 Nxd4 11. Nxd4 Qc5 12. Qe2 Rxd4 13. Bb3 Rd7 14. O-O-O
e6 15. Be3 Qa5 16. g5 Nd5 17. Nxd5 exd5 18. Bd2 Qb6 19. Bc3 d4 20. Bxd4 Qa5 21.
Qe8+ Rd8 22. Qxd8+ Kxd8 23. Bc3+ 1-0

[Event "DEM U12 2019"]
[Site "Willingen GER"]
[Date "2019.06.11"]
[Round "4"]
[White "Hoppstädter, Daniel"]
[Black "Honstein, Michael"]
[Result "0-1"]
[Termination "normal"]
[Board "23"]
[WhiteElo "1576"]
[BlackElo "1378"]
[PlyCount "160"]
[WhiteFideId "16243625"]
[BlackFideId "16287053"]
[EventCountry "GER"]
[EventRounds "9"]
[EventType "swiss"]
[EventDate "2019.06.08"]

1. d4 c5 2. d5 e5 3. e4 d6 4. c4 Nf6 5. Nc3 Be7 6. Be2 O-O 7. Be3 Nbd7 8. h3
Ne8 9. g4 g6 10. Bh6 Ng7 11. Nf3 Nf6 12. Qd2 Bd7 13. Bd3 a6 14. a4 Kh8 15. Nd1
Ng8 16. Bxg7+ Kxg7 17. Rg1 Kh8 18. Ne3 Rb8 19. Qc2 Bg5 20. Nxg5 Qxg5 21. O-O-O
b5 22. axb5 axb5 23. cxb5 Bxb5 24. Bxb5 Rxb5 25. Rd2 Ra5 26. Rdd1 Qf4 27. Rdf1
Nf6 28. Kd2 Nxe4+ 29. Ke2 Nf6 30. g5 Nh5 31. Rg4 Qh2 32. h4 f5 33. gxf6 Nxf6
34. Rc4 Nh5 35. Ke1 Ra1+ 36. Nd1 Ng3 37. fxg3 Rxf1+ 38. Kxf1 Qxc2 39. Rxc2
Rxd1+ 40. Ke2 Rxd5 41. Ke3 Kg7 42. Rc1 Rd4 43. Rf1 Rb4 44. Rd1 Rxb2 45. Rxd6
Rb3+ 46. Kf2 c4 47. Re6 c3 48. Rxe5 c2 49. Rc5 Rb2 50. Ke1 Kh6 51. Kd2 Ra2 52.
g4 Ra4 53. Rg5 Rc4 54. Kc1 Kg7 55. h5 Kh6 56. Rd5 Rxg4 57. hxg6 hxg6 58. Kxc2
Rg2+ 59. Kd3 g5 60. Ke3 Kh5 61. Kf3 Rb2 62. Rd8 g4+ 63. Kg3 Rb3+ 64. Kf4 Rf3+
65. Ke4 Rf1 66. Rh8+ Kg5 67. Rg8+ Kh4 68. Rh8+ Kg3 69. Ke3 Re1+ 70. Kd2 Re6 71.
Rg8 Kf3 72. Rf8+ Kg2 73. Rg8 g3 74. Rg7 Kf2 75. Rg8 Rd6+ 76. Kc3 g2 77. Rf8+
Kg1 78. Ra8 Rh6 79. Ra1+ Kh2 80. Ra2 Kh1 0-1

[Event "DEM U12 2019"]
[Site "Willingen GER"]
[Date "2019.06.11"]
[Round "4"]
[White "Meuer, David"]
[Black "Phan Trong, Dai"]
[Result "1/2-1/2"]
[Termination "normal"]
[Board "24"]
[WhiteElo "1549"]
[BlackElo "1657"]
[PlyCount "71"]
[WhiteFideId "16262964"]
[BlackFideId "16236939"]
[EventCountry "GER"]
[EventRounds "9"]
[EventType "swiss"]
[EventDate "2019.06.08"]

1. e4 e5 2. Nf3 Nc6 3. Nc3 Bb4 4. Nd5 Ba5 5. c3 Nge7 6. Bc4 d6 7. h3 Nxd5 8.
Bxd5 Ne7 9. Bb3 O-O 10. O-O h6 11. d3 Bb6 12. Be3 Bxe3 13. fxe3 c5 14. d4 Qc7
15. Rc1 b6 16. d5 b5 17. c4 a6 18. Nh4 Bd7 19. Nf5 Nxf5 20. exf5 bxc4 21. Bxc4
f6 22. Qg4 Bb5 23. b3 Rab8 24. Rf3 Bxc4 25. Rxc4 Qe7 26. Rg3 Rb7 27. e4 Rb4 28.
Qe2 Qb7 29. Rgc3 a5 30. g4 Ra8 31. h4 a4 32. g5 fxg5 33. hxg5 hxg5 34. Qh5 axb3
35. Rh3 bxa2 36. Qh7+ 1/2-1/2

[Event "DEM U12 2019"]
[Site "Willingen GER"]
[Date "2019.06.11"]
[Round "4"]
[White "Fink, Moritz"]
[Black "Duong, Quang Bach"]
[Result "1/2-1/2"]
[Termination "normal"]
[Board "25"]
[WhiteElo "1392"]
[BlackElo "1647"]
[PlyCount "72"]
[WhiteFideId "16235711"]
[BlackFideId "16287045"]
[EventCountry "GER"]
[EventRounds "9"]
[EventType "swiss"]
[EventDate "2019.06.08"]

1. e4 e6 2. d4 d5 3. exd5 exd5 4. Nf3 Bd6 5. Nc3 c6 6. Bd3 Bg4 7. Be3 Nd7 8. h3
Bh5 9. g4 Bg6 10. Qd2 Bxd3 11. Qxd3 Qc7 12. O-O-O Ne7 13. Rde1 O-O-O 14. Ng5
Rhg8 15. Nxf7 Rde8 16. Nxd6+ Qxd6 17. Qxh7 g6 18. Qh4 Nb6 19. Bg5 Rg7 20. Bxe7
Rgxe7 21. Rxe7 Rxe7 22. Qg3 Qb4 23. Rd1 Nc4 24. Na4 Re1 25. Qc3 Rxd1+ 26. Kxd1
Qxa4 27. b3 Qxa2 28. bxc4 dxc4 29. f4 Qb1+ 30. Ke2 Qh1 31. Qxc4 Qe4+ 32. Kd1
Qxf4 33. Qe6+ Kc7 34. Qe7+ Kb6 35. Qc5+ Ka6 36. Qa3+ Kb6 1/2-1/2

[Event "DEM U12 2019"]
[Site "Willingen GER"]
[Date "2019.06.11"]
[Round "4"]
[White "Wessel, Daniel"]
[Black "Ensslinger, Colin"]
[Result "1/2-1/2"]
[Termination "normal"]
[Board "26"]
[WhiteElo "1501"]
[BlackElo "1690"]
[PlyCount "78"]
[WhiteFideId "16244982"]
[BlackFideId "16226011"]
[EventCountry "GER"]
[EventRounds "9"]
[EventType "swiss"]
[EventDate "2019.06.08"]

1. d4 d5 2. c4 c6 3. Bf4 Nf6 4. e3 g6 5. Nc3 Bg7 6. h3 O-O 7. Nf3 a6 8. Rc1 Be6
9. cxd5 Bxd5 10. Be2 Qb6 11. b3 Nbd7 12. O-O Rac8 13. Bd3 Bxf3 14. Qxf3 Nh5 15.
Bh2 e5 16. dxe5 Nxe5 17. Bxe5 Bxe5 18. Qe2 Rfd8 19. Rfd1 Nf6 20. Ne4 Nxe4 21.
Bxe4 Qb4 22. Bf3 Bc3 23. Rd3 Bf6 24. Rcd1 Qe7 25. Bg4 Rxd3 26. Qxd3 Rc7 27. Qd6
Qxd6 28. Rxd6 Be5 29. Rd7 f5 30. Rxc7 Bxc7 31. Be2 b5 32. Bf3 c5 33. Bb7 a5 34.
Bc6 b4 35. Bd5+ Kg7 36. f4 Kf6 37. g3 h6 38. Kf2 g5 39. Kf3 Bd6 1/2-1/2

[Event "DEM U12 2019"]
[Site "Willingen GER"]
[Date "2019.06.11"]
[Round "4"]
[White "Pfeffer, Samuel"]
[Black "Krömer, Emanuel"]
[Result "0-1"]
[Termination "normal"]
[Board "27"]
[WhiteElo "1333"]
[BlackElo "1466"]
[PlyCount "138"]
[WhiteFideId "16249160"]
[BlackFideId "16287070"]
[EventCountry "GER"]
[EventRounds "9"]
[EventType "swiss"]
[EventDate "2019.06.08"]

1. d4 d5 2. c4 Nc6 3. Nc3 Nf6 4. Bg5 dxc4 5. e3 e5 6. d5 Na5 7. Qa4+ c6 8. b4
b5 9. Qxa5 Qxa5 10. bxa5 b4 11. Na4 cxd5 12. Bxf6 gxf6 13. Nf3 Bd7 14. Nb2 c3
15. Nd1 Bd6 16. a3 bxa3 17. Nxc3 Bb4 18. Kd2 Rc8 19. Rc1 a2 20. Ba6 a1=Q 21.
Rxa1 Rxc3 22. Rhb1 Rb3+ 23. Kc2 Rxb1 24. Rxb1 Bxa5 25. Rb8+ Bd8 26. Rb7 Bf5+
27. Kb3 O-O 28. Nh4 Be6 29. Rxa7 Bb6 30. Rb7 d4+ 31. Kc2 Rc8+ 32. Kb2 dxe3 33.
Rxb6 exf2 34. Rb4 Ra8 35. Bb5 Ra2+ 36. Kc3 Ra1 37. Kd2 f1=Q 38. Bxf1 Rxf1 39.
Ra4 Kg7 40. Ra3 Rf4 41. Rg3+ Rg4 42. Rxg4+ Bxg4 43. h3 Be6 44. Kd3 Kh6 45. Ke3
f5 46. Nf3 f6 47. Nh2 Kg5 48. Kf3 e4+ 49. Kf2 h5 50. Nf1 h4 51. Nh2 f4 52. Ke2
f5 53. Kf2 Bd5 54. Ke2 Kf6 55. Kf2 Ke5 56. Ke2 Kd4 57. Kd2 e3+ 58. Ke2 Bxg2 59.
Ke1 f3 60. Kd1 f2 61. Ke2 f4 62. Nf3+ Bxf3+ 63. Kf1 Bg2+ 64. Kxg2 f3+ 65. Kf1
e2+ 66. Kxf2 Kd3 67. Ke1 Kc2 68. Kf2 Kd2 69. Kxf3 e1=Q 0-1

[Event "DEM U12 2019"]
[Site "Willingen GER"]
[Date "2019.06.11"]
[Round "4"]
[White "Langen, Sebastian"]
[Black "Andrade, Ruben"]
[Result "1/2-1/2"]
[Termination "normal"]
[Board "28"]
[WhiteElo "1167"]
[BlackElo "1480"]
[PlyCount "57"]
[WhiteFideId "16287088"]
[BlackFideId "16246829"]
[EventCountry "GER"]
[EventRounds "9"]
[EventType "swiss"]
[EventDate "2019.06.08"]

1. e4 d5 2. exd5 Qxd5 3. Nc3 Qd6 4. d4 c6 5. Bc4 Nf6 6. Nge2 Bf5 7. Bf4 Qd8 8.
Bb3 e6 9. Qd2 Bd6 10. O-O-O Qc7 11. Bxd6 Qxd6 12. f3 Nbd7 13. g4 Bg6 14. h4 h5
15. g5 Nd5 16. f4 O-O-O 17. Rhf1 N7b6 18. Ng3 Nxc3 19. Qxc3 Nd5 20. Qd2 Ne7 21.
Qe3 Kb8 22. Qe5 Qxe5 23. fxe5 Nf5 24. Nxf5 Bxf5 25. c3 Kc7 26. Bc2 g6 27. Bxf5
gxf5 28. Rg1 Rhg8 29. Rd2 1/2-1/2

[Event "DEM U12 2019"]
[Site "Willingen GER"]
[Date "2019.06.11"]
[Round "4"]
[White "Werner, Florin"]
[Black "Janssen, Joris Frederik"]
[Result "1-0"]
[Termination "normal"]
[Board "29"]
[WhiteElo "1288"]
[BlackElo "1274"]
[PlyCount "61"]
[WhiteFideId "16250230"]
[BlackFideId "16287061"]
[EventCountry "GER"]
[EventRounds "9"]
[EventType "swiss"]
[EventDate "2019.06.08"]

1. e4 c5 2. Nf3 d6 3. d4 cxd4 4. Nxd4 Nf6 5. Nc3 g6 6. Bc4 Bg7 7. Be3 O-O 8.
O-O Nc6 9. Qd2 Bd7 10. Nf3 Rc8 11. Bb3 a6 12. Bh6 Ng4 13. Bxg7 Kxg7 14. Nd5
Nce5 15. Nxe5 Nxe5 16. Qd4 Kg8 17. Qe3 e6 18. Nc3 f5 19. exf5 Rxf5 20. Rad1 Qe7
21. Rfe1 Rcf8 22. Re2 g5 23. h3 g4 24. hxg4 Nxg4 25. Qg3 Rg5 26. Rxd6 Ne5 27.
Rxd7 Qf6 28. Ne4 Nf3+ 29. Qxf3 Qxf3 30. Bxe6+ Kh8 31. Nxg5 1-0